|
|
|
|
| LEADER |
00723cam a2200193 7i4500 |
| 001 |
0000010398 |
| 005 |
20020719090000.0 |
| 020 |
0 |
0 |
|a 9291370916
|
| 090 |
0 |
0 |
|a B 332.742
|b EXP
|
| 245 |
0 |
0 |
|a Export credit insurance and guarantee schemes :
|b a practical guide for developing and transition economies.
|
| 260 |
0 |
0 |
|a Geneva:
|b International Trade Center (ITC),
|c 1998.
|
| 300 |
# |
# |
|a 231 p.
|
| 650 |
0 |
0 |
|a Export credit
|
| 650 |
0 |
0 |
|a Insurance, Export credit
|
| 650 |
0 |
0 |
|a Insurance, Surety and fidelity
|
| 710 |
2 |
1 |
|a International Trade Center
|
| 999 |
|
|
|a 0000020179
|b Book
|c Book
|e Business Information Centre
|
| 999 |
|
|
|a 0000012947
|b Book
|c Book
|e Business Information Centre
|
| 999 |
|
|
|a 0000010405
|b Book
|c Book
|e Business Information Centre
|